Statistics for Deadliest WWII Battles on a Map

Click here to take the quiz!

General Stats

  • This quiz has been taken 69 times
  • The average score is 11 of 23

Answers on the Map

Answers color-coded by a green-red scale on the quiz's map according to % correct below.
 

Answer Stats

CasualtiesBattle% Correct
2.5 Million
Battle of Stalingrad
99%
1.3 MillionBattle of Berlin
91%
5.5 MillionSiege of Leningrad
90%
761,783Battle of Kyiv
79%
200,000+Warsaw Uprising
78%
500,000Battle of Manila
70%
398,800Battle of Shanghai
70%
422,000Siege of Budapest
70%
218,900Battle of the Bulge
69%
240,000Battle of Okinawa
66%
133,813Siege of Odessa
63%
88,000Battle of Dunkirk
61%
236,437Second Siege of Sevastopol
52%
18,600Siege of Tobruk
43%
80,000+First Battle of Changsha
21%
84,862Third Battle of Changsha
21%
662,847First Battle of Voronezh
16%
75,328Battle of Nanchang
12%
130,000Battle of Taiyuan
10%
120,000+Battle of South Shanxi
6%
115,830Battle of West Hubei
6%
100,000Battle of Changde
4%
200,000Battle of Xinkou
4%

Score Distribution

Percentile by Number Answered

Percent of People with Each Score

Your Score History

You have not taken this quiz